000 00518nam a2200181Ia 4500
005 20250326124940.0
008 250326s9999 xx 000 0 und d
037 _aTextbook
040 _aFMSL
_beng
_cFMSL
041 _aeng
_2eng
084 _aX:8F L6;6
_qFMSL
100 _aBhattacharyya S K
245 0 _aAccounting for management
_cBhattacharyya S K; Dearden J And Others
260 _aNew Delhi
_bNew Delhi, Vikas
_c1976
300 _a696p
942 _cTB
_hX:8F L6;6
999 _c1275880
_d1275880